| 000 | 00962cam a2200313 a 4500 | ||
|---|---|---|---|
| 001 | 4420931 | ||
| 003 | ARRUPE | ||
| 005 | 20141101020007.0 | ||
| 008 | 840207s1983 dcu 001 0 eng | ||
| 010 | _a84115664 | ||
| 020 | _a0943616204 | ||
| 020 | _a0943616190 (pbk.) | ||
| 035 | _a(OCoLC)10697138 | ||
| 035 | _a(OCoLC)ocm10697138 | ||
| 035 | _a(NNC)4420931 | ||
| 040 |
_aDLC _cDLC _dNNUT |
||
| 050 | 0 | _aBX1935.5 1983 | |
| 090 | _aK | ||
| 110 | 2 |
_aCatholic Church. _96586 |
|
| 245 | 1 | 0 |
_aCode of canon law, Latin-English edition : _btranslation / _cprepared under the auspices of the Canon Law Society of America. |
| 260 |
_aWashington, D.C. : _bCanon Law Society of America, _c1983. |
||
| 300 |
_axlii, 668 p. ; _c24 cm. |
||
| 500 | _aTitle on added t.p.: Codex Iuris Canonici. | ||
| 500 | _aIncludes index. | ||
| 650 | 0 |
_aCanon law. _96587 |
|
| 710 | 2 |
_aCanon Law Society of America. _96588 |
|
| 942 |
_2lcc _cMONOGRAPH _02 |
||
| 999 |
_c119545 _d119545 |
||